000 00511nam a2200193 a 4500
001 1758620201672
003 YourLibrary
005 20250923150819.0
008 250923s1998##################000#0#eng##
020 _a9780412047114
082 0 4 _a577.015
_bYOU
100 1 _aYoung, Linda J.,
_eauthor.
245 1 0 _aStatistical Ecology :
260 _bSpringer Science & Business Media,
_c1998.
300 _a586 pages
650 0 _aMathematics.
942 _cENGLISH
040 _aYourLibrary
_beng
_cYourLibrary
999 _c589055
_d589055